000 00303nam a22001217a 4500
008 180424b xxu||||| |||| 00| 0 eng d
041 _aeng
080 _a043.3
100 _a0
101 _aSHKI-BA
245 _aMesimi Virtual, Krahasimi i Platformave dhe Perparesite e tij
_cMsiu, J
942 _2udc
_cBK
999 _c45452
_d45452